000 00574cam a22001577a 4500
008 180718b2011 xxu||||| |||| 00| 0 eng d
082 _aAPPPA 2010-11/AWA
100 _aAwasthy, Hitesh Chandra
245 _aSupreme court of India on police reforms: a study
_cby Hitesh Chandra Awasthy
260 _aNew Delhi
_bIndian Institute of Public Administration
_c2011
300 _av.p.
500 _aAn APPPA M.Phil dissertation, 2010-11 (Guide: Dr. Lokendra Malik)
650 _aPolice regulations --India
650 _aPolice administration --India
650 _aPolice --India
999 _c502407
_d502407